Обезвреживание некондиционных ядохимикатов в мягких условиях; Проблемы геологии и освоения недр; Т. 1
| Parent link: | Проблемы геологии и освоения недр: труды XIX Международного симпозиума имени академика М. А. Усова студентов и молодых ученых, посвященного 70-летнему юбилею Победы советского народа над фашистской Германией, Томск, 6-10 апреля 2015 г./ Национальный исследовательский Томский политехнический университет (ТПУ), Институт природных ресурсов (ИПР) ; Общество инженеров-нефтяников, международная некоммерческая организация, Студенческий чаптер ; под ред. А. Ю. Дмитриева.— , 2015 Т. 1.— [С. 656-658] |
|---|---|
| Auteur principal: | |
| Collectivité auteur: | |
| Autres auteurs: | |
| Résumé: | Заглавие с экрана |
| Langue: | russe |
| Publié: |
|
| Collection: | Геоэкология, охрана и защита окружающей среды. Геоинформационные системы в геоэкологии |
| Sujets: | |
| Accès en ligne: | http://earchive.tpu.ru/handle/11683/22733 http://www.lib.tpu.ru/fulltext/c/2015/C11/V1/308.pdf |
| Format: | MixedMaterials Électronique Chapitre de livre |
| KOHA link: | https://koha.lib.tpu.ru/cgi-bin/koha/opac-detail.pl?biblionumber=615053 |
MARC
| LEADER | 00000naa2a2200000 4500 | ||
|---|---|---|---|
| 001 | 615053 | ||
| 005 | 20231101132835.0 | ||
| 035 | |a (RuTPU)RU\TPU\conf\13230 | ||
| 035 | |a RU\TPU\conf\13228 | ||
| 090 | |a 615053 | ||
| 100 | |a 20151022d2015 k y0rusy50 ca | ||
| 101 | 0 | |a rus | |
| 102 | |a RU | ||
| 105 | |a y z 100zy | ||
| 135 | |a drcn ---uucaa | ||
| 181 | 0 | |a i | |
| 182 | 0 | |a b | |
| 200 | 1 | |a Обезвреживание некондиционных ядохимикатов в мягких условиях |f О. Ю. Федорова |g науч. рук. Т. Н. Волгина | |
| 203 | |a Текст |c электронный | ||
| 225 | 1 | |a Геоэкология, охрана и защита окружающей среды. Геоинформационные системы в геоэкологии | |
| 230 | |a 1 компьютерный файл (pdf; 384 Kb) | ||
| 300 | |a Заглавие с экрана | ||
| 320 | |a [Библиогр.: с. 658 (7 назв.)] | ||
| 337 | |a Adobe Reader | ||
| 461 | 1 | |0 (RuTPU)RU\TPU\conf\12865 |t Проблемы геологии и освоения недр |o труды XIX Международного симпозиума имени академика М. А. Усова студентов и молодых ученых, посвященного 70-летнему юбилею Победы советского народа над фашистской Германией, Томск, 6-10 апреля 2015 г. |o в 2 т. |f Национальный исследовательский Томский политехнический университет (ТПУ), Институт природных ресурсов (ИПР) ; Общество инженеров-нефтяников, международная некоммерческая организация, Студенческий чаптер ; под ред. А. Ю. Дмитриева |d 2015 | |
| 463 | 1 | |0 (RuTPU)RU\TPU\conf\12868 |t Т. 1 |v [С. 656-658] | |
| 610 | 1 | |a труды учёных ТПУ | |
| 610 | 1 | |a электронный ресурс | |
| 610 | 1 | |a обезвреживание | |
| 610 | 1 | |a ядохимикаты | |
| 610 | 1 | |a пестициды | |
| 610 | 1 | |a биологически-активные соединения | |
| 700 | 1 | |a Федорова |b О. Ю. |c химик |c лаборант Томского политехнического университета |g Оксана Юрьевна |2 stltpush |3 (RuTPU)RU\TPU\pers\34955 | |
| 702 | 1 | |a Волгина |b Т. Н. |c химик |c доцент Томского политехнического университета, кандидат химических наук |f 1975- |g Татьяна Николаевна |2 stltpush |4 727 | |
| 712 | 0 | 2 | |a Национальный исследовательский Томский политехнический университет (ТПУ) |b Институт природных ресурсов (ИПР) |b Кафедра технологии органических веществ и полимерных материалов (ТОВПМ) |h 6832 |2 stltpush |3 (RuTPU)RU\TPU\col\18659 |
| 801 | 2 | |a RU |b 63413507 |c 20210118 |g RCR | |
| 856 | 4 | |u http://earchive.tpu.ru/handle/11683/22733 | |
| 856 | 4 | |u http://www.lib.tpu.ru/fulltext/c/2015/C11/V1/308.pdf | |
| 942 | |c BK | ||